Debating Modern Indian History / (Record no. 215663)

MARC details
000 -LEADER
fixed length control field 00603nam a22001937a 4500
005 - DATE AND TIME OF LATEST TRANSACTION
control field 20260319145554.0
010 ## - LCCN (DPL NO)
LC control number ENG-147950
020 ## - INTERNATIONAL STANDARD BOOK NUMBER
International Standard Book Number 9788194885511
Terms of availability 500.00
035 ## - SYSTEM CONTROL NUMBER
System control number EN-131482
037 ## - SOURCE OF ACQUISITION
Source of stock number/acquisition DBAD
082 ## - DEWEY DECIMAL CLASSIFICATION NUMBER
Classification number 954
Edition number 1
100 ## - MAIN ENTRY--PERSONAL NAME
Personal name Rai Kumar Saurav
245 ## - TITLE STATEMENT
Title Debating Modern Indian History /
Statement of responsibility, etc Saurav Kumar Rai
Medium English
260 ## - PUBLICATION, DISTRIBUTION, ETC. (IMPRINT)
Place of publication, distribution, etc Laxmi Nagar
Name of publisher, distributor, etc Manak
Date of publication, distribution, etc 2021
270 ## - ADDRESS
Address B-7, Saraswati Complex, Subhash Chowk, Laxmi Nagar,
City New Delhi
Postal code 110092
300 ## - PHYSICAL DESCRIPTION
Extent 216p.
Dimensions 23cm(Pb)
700 ## - ADDED ENTRY--PERSONAL NAME
Personal name Rai Kumar Saurav
9 (RLIN) 87103
942 ## - ADDED ENTRY ELEMENTS (KOHA)
Source of classification or shelving scheme Dewey Decimal Classification
Item type English Books
Classification part 954
Call number suffix RAI
Edition 1

No items available.


© Delhi Public Library
Hit Counter
free hit counter